Efektivní distribuční síť - alfa a omega úspěchu finančních institucí
Distribučná sieť je kľúčom k úspechu na trhu. Význam kvality distribučnej siete. Segmentácia klientely. Práca na trojuholníku ľudia - systém - produkt.
Enregistré dans:
| Auteur principal: | |
|---|---|
| Format: | Chapitre de livre |
| Langue: | tchèque |
| Sujets: | |
| Tags: |
Pas de tags, Soyez le premier à ajouter un tag!
|
MARC
| LEADER | 00000naa$a2200000$$$4500 | ||
|---|---|---|---|
| 001 | 0029898 | ||
| 005 | 20231010083918.4 | ||
| 041 | 0 | |a cze | |
| 044 | |a CZ | ||
| 245 | 1 | 0 | |a Efektivní distribuční síť - alfa a omega úspěchu finančních institucí |c Hanuš Thein |
| 520 | |a Distribučná sieť je kľúčom k úspechu na trhu. Význam kvality distribučnej siete. Segmentácia klientely. Práca na trojuholníku ľudia - systém - produkt. | ||
| 610 | 2 | 0 | |a banky |
| 610 | 2 | 0 | |a služby |
| 610 | 2 | 0 | |a produkty |
| 610 | 2 | 0 | |a distribúcia |
| 610 | 2 | 0 | |a kvalita |
| 610 | 2 | 0 | |a klienti |
| 610 | 2 | 0 | |a stratégia distribučná |
| 610 | 2 | 0 | |a trh |
| 610 | 2 | 0 | |a Česko |
| 610 | 2 | 0 | |a služby bankové |
| 610 | 2 | 0 | |a služby finančné |
| 100 | 1 | |a Thein, Hanuš | |